[Event "CHI-ch sf qual U1600"]
[Site "Vina del Mar"]
[Date "2019.12.28"]
[Round "3.3"]
[White "Cuevas Rivadeneira, Rodrigo"]
[Black "Saavedra Garcia, Rodrigo"]
[Result "1-0"]
[WhiteElo "1443"]
[BlackElo "1590"]
[PlyCount "67"]
[EventDate "2019.12.28"]
[EventType "swiss"]
[EventRounds "5"]
[EventCountry "CHI"]
[SourceTitle "EXT 2024"]
[Source "ChessBase"]
[SourceDate "2023.10.10"]
[SourceVersion "1"]
[SourceVersionDate "2023.10.10"]
[SourceQuality "1"]

1. d4 d5 2. c3 Nf6 3. Nf3 Bg4 4. h3 Bh5 5. g4 Bg6 6. Ne5 e6 7. Bg5 Be7 8. Qb3 Bxb1 9. Rxb1 Ne4 10. Bxe7 Qxe7 11. Qxb7 0-0 12. Qxa8 Nd7 13. Qxa7 Nxe5 14. dxe5 f5 15. Qe3 c5 16. Bg2 d4 17. Qd3 Qh4 18. Bxe4 fxe4 19. Qg3 Qg5 20. cxd4 cxd4 21. 0-0 h5 22. Rbd1 d3 23. exd3 Rf3 24. Qg2 hxg4 25. Qxg4 Qh6 26. Kh2 Rf4 27. Qg3 g5 28. dxe4 g4 29. Rd8+ Kf7 30. Qa3 Kg6 31. Qg3 Kf7 32. Rfd1 Kg6 33. Rg8+ Kh7 34. Rxg4 1-0